000 01877cam a22004454i 4500
003 PE-LiUPU
005 20250731173150.0
008 150623s r 000 0 d
020 _a0830730877
035 _a(Sirsi) i9780830730872
040 _aPE-LiUPU
_bspa
_cPE-LiUPU
_erda
049 _aPRUA
082 0 4 _a269.2
_bB23
_221
100 1 _aBarna, George,
_eautor.
245 1 0 _aGrow your church from the outside in /
_cGeorge Barna.
264 1 _aVentura, California :
_bRegal,
_c2002.
300 _a176 páginas :
_bilustraciones, gráficos ;
_c24 centímetros
336 _atext
_2rdacontent
337 _aunmediated
_2rdamedia
338 _avolume
_2rdacarrier
505 0 _aThe crowd awaits. Sizing up the unchurched. Why people avoid church. A demographic profile of the unchurched. Values, attitudes and lifestyles. The faith of the unchurched. What the unchurched want from a church. Grabbing their attetion. Twelve misconceptions about ministry to the unchurched. How churches minister effectively to the unchurched. Making a commitment to a vision of the church. Research methodology. About gerge barna. About the barna reserch group, Ltd.
526 _aSEG42
526 _aSEG41
526 _aSEG40
526 _aSEG39
526 _aP94
526 _aP87
526 _aP86
526 _aP85
526 _aP77
526 _aP76
526 _aP35
650 0 4 _aTrabajo evangelístico.
_93100
942 _2ddc
_cBOOK
949 _a269.2 B23
_wDEWEY
_c1
_i53427
_lCCODEBUL1
_mBUL
_p18.00
_r0
_sY
_tBOOK
_u2015-6-24
_xTEOLOGIA
_PP35
_0COMPRA
_o.STAFF. Colección General
994 _aC0
_bPEPRU
596 _a1
999 _a269.2 B23
_wDEWEY
_c35400
_i53427
_f2021-11-10
_g5
_lCCODEBUL1
_mBUL
_p18.00
_r0
_sY
_tBOOK
_u2015-6-24
_xTEOLOGIA
_PP35
_0COMPRA
_o.STAFF. Colección General
_d35400
980 _81
_gALBERTO SANCHEZ Responsable de Automatización